The letchworth achievement
Guardado en:
| Autor principal: | |
|---|---|
| Formato: | Libro |
| Lenguaje: | inglés |
| Publicado: |
Londres
J. M. Dont
1963
|
| Materias: | |
| Etiquetas: |
Agregar Etiqueta
Sin Etiquetas, Sea el primero en etiquetar este registro!
|
MARC
| LEADER | 00000nam a2200000 a 4500 | ||
|---|---|---|---|
| 001 | UCV9880 | ||
| 003 | CL-VaPUC | ||
| 008 | 930709e19630000UK |||||||||||||||||eng|d | ||
| 082 | 0 | 4 | |a 711.59 |b PUR |2 21 |
| 100 | 0 | |a Purdom, Charles Benjamin |e author |9 303876 | |
| 245 | 1 | 4 | |a The letchworth achievement |
| 300 | |a 150 p | ||
| 942 | |c BK | ||
| 945 | |d 19930709 00:00:00 | ||
| 260 | |a Londres |b J. M. Dont |c 1963 | ||
| 650 | 0 | |a Ciudades |9 265474 | |
| 650 | 0 | |a Jardines |9 268264 | |
| 650 | 0 | |a Planificación urbana |9 258176 | |
| 583 | |a last modification |c 20180403 03:41:34 |k Rodrigo Vera | ||
| 999 | |c 215155 |d 215153 | ||
| 952 | |0 0 |1 0 |4 0 |6 711_590000000000000_PUR_1963 |7 0 |8 P |9 199161 |a BIBARQ |b BIBARQ |d 2019-11-14 |i 2664828 |o 711.59 PUR 1963 |p 2664828 |r 2025-01-20 |w 2019-11-14 |y BK |k ARQ | ||